000 00522nam a2200181Ia 4500
999 _c34248
_d34248
003 OSt
005 20201008121443.0
008 190216s9999||||xx |||||||||||||| ||und||
020 _a9788131732526
040 _coclc
082 _a004.165
_bRAO/T
100 _aRao, K Uma
_95467
245 4 _aThe 8051 Microcontroller /
_cK Uma Rao ; Andhe Pallavi
260 _bSanguine Technical,
_c2009.
_aBangalore:
300 _a475p
650 _aPhysics
942 _cBK
_2ddc
_h004.165
_iRAO/T
_k004.165
_mRAO/T